Series metodológicas de ejercicios en atletismo
সংরক্ষণ করুন:
| প্রধান লেখক: | , |
|---|---|
| বিন্যাস: | গ্রন্থ |
| ভাষা: | স্প্যানিশ |
| প্রকাশিত: |
Buenos Aires
Kapelusz
1973
|
| মালা: | Colección de pedagogía práctica
|
| বিষয়গুলি: | |
| ট্যাগগুলো: |
ট্যাগ যুক্ত করুন
কোনো ট্যাগ নেই, প্রথমজন হিসাবে ট্যাগ করুন!
|
MARC
| LEADER | 00000nam a2200000 a 4500 | ||
|---|---|---|---|
| 001 | UCZ0126 | ||
| 003 | CL-VaPUC | ||
| 008 | 950724e19730400AG |||||||||||||||||spa|d | ||
| 082 | 0 | 4 | |a 796.435 |b KIR |2 21 |
| 100 | |a Kirsch, August |e author |9 341957 | ||
| 700 | 0 | |a Koch, K |e author |9 342749 | |
| 245 | 1 | 0 | |a Series metodológicas de ejercicios en atletismo |
| 300 | |a 117 p | ||
| 942 | |c BK | ||
| 945 | |d 19950724 00:00:00 |a lriquelm | ||
| 260 | |a Buenos Aires |b Kapelusz |c 1973 | ||
| 650 | 0 | |a Atletismo |9 307422 | |
| 650 | 7 | |a EJERCICIO |2 CL-VaPUC |9 310040 | |
| 650 | 0 | |a Aprendizaje |9 254827 | |
| 650 | 7 | |a LANZAMIENTOS |2 CL-VaPUC |9 334249 | |
| 650 | 7 | |a SALTOS |2 CL-VaPUC |9 334248 | |
| 650 | 7 | |a LANZAMIENTO DE LA JABALINA |2 CL-VaPUC |9 334244 | |
| 650 | 7 | |a LANZAMIENTO DEL MARTILLO |2 CL-VaPUC |9 342750 | |
| 650 | 7 | |a LANZAMIENTO DEL DISCO |2 CL-VaPUC |9 342751 | |
| 583 | |a last modification |c 19950724 00:00:00 |k Rodrigo Vera | ||
| 490 | 0 | |a Colección de pedagogía práctica | |
| 999 | |c 237093 |d 237091 | ||
| 952 | |0 0 |1 0 |4 0 |6 796_435000000000000_KIR_1973 |7 0 |8 P |9 245867 |a BIBEDU |b BIBEDU |c BIBEDU_PB |d 2019-11-18 |i 1541757 |o 796.435 KIR 1973 |p 1541757 |r 2024-01-25 |w 2019-11-18 |y BK |k EDU | ||
| 952 | |0 0 |1 0 |4 0 |6 796_435000000000000_KIR_1973 |7 0 |8 P |9 245868 |a BIBEDU |b BIBEDU |c BIBEDU_PB |d 2019-11-18 |i 1541765 |o 796.435 KIR 1973 |p 1541765 |r 2024-01-25 |w 2019-11-18 |y BK |k EDU | ||